Diccionario de economía (Registro nro. 3616)
[ vista simple ]
| 000 -Cabecera | |
|---|---|
| Campo de control de longitud fija | 00392nam a22001577a 4500 |
| 005 - Fecha y hora de la última transacción | |
| Campo de control | 20250207135352.0 |
| 008 - Elementos de longitud fija--Información general | |
| Campo de control de longitud fija | 150304b2007 xxu||||| |||| 00| 0 spa d |
| 041 ## - Idioma | |
| Código de idioma | Español |
| 082 ## - Clasificación Decimal Dewey | |
| Número de clasificación | R 330.03 V864d |
| 100 ## - Entrada principal--Autor personal | |
| Nombre personal | Vizcarra Cifuentes, José Luis |
| 245 ## - Título propiamente dicho | |
| Título | Diccionario de economía |
| 260 ## - Pie de imprenta | |
| Lugar de publicación, distribución, etc. | México |
| Nombre del editor, distribuidor, etc. | Patria |
| Fecha de publicación, distribución, etc. | 2007 |
| 650 ## - Materia general | |
| Temática (materia general) | ECONOMÍA |
| 650 ## - Materia general | |
| Temática (materia general) | DICCIONARIOS |
| 942 ## - Punto de acceso adicional KOHA | |
| Tipo de ítem KOHA | Referencia |
| Fuente del sistema de clasificación o colocación | Dewey Decimal Classification |
| Signatura completa | Código de barras | Tipo de ítem |
|---|---|---|
| R 330.03 V864d | 18629 | Referencia |
| R 330.03 V864d | 13850 | Referencia |
| R 330.03 V864d | 12601 | Referencia |